Tính toán thiết kế hệ dẫn động cơ khí
Thiết kế kết cấu các chi tiết máy như: Kết cấu trục, các chi tiết truyền động, gối đỡ trục, khớp nối, thiết kế hệ máy; Lắp ghép, dung sai và trình bày bản vẽ thiết kế: độ chính xác, các bản vẽ...
Sparad:
| Huvudupphovsman: | |
|---|---|
| Materialtyp: | Bok |
| Språk: | Undetermined |
| Publicerad: |
Hà Nội
Giáo Dục
1999
|
| Ämnen: | |
| Taggar: |
Lägg till en tagg
Inga taggar, Lägg till första taggen!
|
| Thư viện lưu trữ: | Trung tâm Học liệu Trường Đại học Cần Thơ |
|---|
| LEADER | 00912nam a2200205Ia 4500 | ||
|---|---|---|---|
| 001 | CTU_36361 | ||
| 008 | 210402s9999 xx 000 0 und d | ||
| 020 | |c 20700 | ||
| 082 | |a 621.82 | ||
| 082 | |b Ch124/T.2 | ||
| 100 | |a Trịnh, Chất | ||
| 245 | 0 | |a Tính toán thiết kế hệ dẫn động cơ khí | |
| 245 | 0 | |c Trịnh Chất, Lê Văn Uyển | |
| 260 | |a Hà Nội | ||
| 260 | |b Giáo Dục | ||
| 260 | |c 1999 | ||
| 520 | |a Thiết kế kết cấu các chi tiết máy như: Kết cấu trục, các chi tiết truyền động, gối đỡ trục, khớp nối, thiết kế hệ máy; Lắp ghép, dung sai và trình bày bản vẽ thiết kế: độ chính xác, các bản vẽ | ||
| 650 | |a Machine design,Machine parts | ||
| 904 | |i Trọng Hải | ||
| 980 | |a Trung tâm Học liệu Trường Đại học Cần Thơ | ||